Welcome to CU Library Online Public Access Catalogue (OPAC)

Operations management; (Record no. 870)

MARC details
000 -LEADER
fixed length control field 00464nam a22001577a 4500
005 - DATE AND TIME OF LATEST TRANSACTION
control field 20241108120110.0
008 - FIXED-LENGTH DATA ELEMENTS--GENERAL INFORMATION
fixed length control field 241108b |||||||| |||| 00| 0 eng d
020 ## - INTERNATIONAL STANDARD BOOK NUMBER
International Standard Book Number 9780070169562
050 ## - LIBRARY OF CONGRESS CALL NUMBER
Classification number TS155
Item number ETT
100 ## - MAIN ENTRY--PERSONAL NAME
Personal name Ettkin, Lawrence
245 ## - TITLE STATEMENT
Title Operations management;
Remainder of title Design, Planning, and control for manufacturing and services
260 ## - PUBLICATION, DISTRIBUTION, ETC.
Place of publication, distribution, etc. New York
Name of publisher, distributor, etc. McGraw-Hill
Date of publication, distribution, etc. c1992
300 ## - PHYSICAL DESCRIPTION
Extent xxi,361p
Other physical details ill.;
700 ## - ADDED ENTRY--PERSONAL NAME
Personal name Dilworth, B. James
942 ## - ADDED ENTRY ELEMENTS (KOHA)
Source of classification or shelving scheme Library of Congress Classification
Koha item type Books
Suppress in OPAC No
999 ## -
-- 870
-- 870
Holdings
Withdrawn status Lost status Source of classification or shelving scheme Damaged status Not for loan Collection Home library Current library Shelving location Date acquired Total checkouts Full call number Barcode Date last seen Copy number Price effective from Koha item type
    Library of Congress Classification     Non-fiction Undergraduate Library (Christ Temple) Undergraduate Library (Christ Temple) General stacks 11/08/2024   TS155 DIL ulct00000209 11/08/2024 1 11/08/2024 Books
    Library of Congress Classification     Non-fiction Undergraduate Library (Christ Temple) Undergraduate Library (Christ Temple) General stacks 11/08/2024   TS155 DIL ulct00000210 11/08/2024 2 11/08/2024 Books
    Library of Congress Classification     Non-fiction Undergraduate Library (Christ Temple) Undergraduate Library (Christ Temple) General stacks 11/08/2024   TS155 DIL ulct00000211 11/08/2024 3 11/08/2024 Books
© 2023-2024 Copyright: Central University Libraries. All Rights Reserved | Created by: Mahone Tech Office